| 000 | 00854nam a2200229 a 4500 | ||
|---|---|---|---|
| 001 | 71349 | ||
| 003 | BD-RjUL | ||
| 005 | 20211209082114.0 | ||
| 008 | 170502s1946 ii a|||| |||| 000 0 ben d | ||
| 020 | _c: Tk. 0.50 | ||
| 035 | _a(BD-RjUL)71565 | ||
| 040 |
_aBD-RjUL _bben _cBD-RjUL _dBD-RjUL |
||
| 041 | _aben | ||
| 082 |
_223 _a581.634 _bCHB 1946 |
||
| 100 | 1 |
_aচট্টোপাধ্যায়, অসীম _9211157 |
|
| 245 | 1 | 0 |
_aভারতের বনৌষধি / _cঅসীম চট্টোপাধ্যায় |
| 260 |
_aকলিকাতা : _bবিশ্বভারতী গ্রন্থালয়, _c১৯৪৬ [১৩৫৩] |
||
| 300 |
_a৩৭ পৃ. : _bচিত্র. ; _c২৩ সেমি. |
||
| 650 |
_aঔষধি উদ্ভিদ _9211158 |
||
| 650 |
_aMedicinal plant _9211159 |
||
| 942 |
_2ddc _cBK |
||
| 999 |
_c71349 _d71349 |
||